| 000 | 00938nam0a2200277 4500 | ||
|---|---|---|---|
| 001 | RU\NLR\ONL2\27449 | ||
| 005 | 20260407070200.0 | ||
| 035 | _a(NLR Aleph) 010214403 | ||
| 090 |
_a10289600 _c10289600 |
||
| 100 | _a20130731d1961 |||y0rusy50 ca | ||
| 101 | 0 | _aalt | |
| 102 | _aRU | ||
| 105 | _ay ||||||||| | ||
| 200 | 1 |
_aJаш ӱйе _f[ред. Л. В. Кокышев] |
|
| 210 |
_aГорно-Алтайск _cТуулу Алт. бичиктер чыг. изд-возы _d1961 |
||
| 215 |
_a55 с. _d18 |
||
| 541 | 1 |
_aМолодое поколение _e[сб. стихов] _zrus |
|
| 686 | 1 | _aШ6(2=Алт)7-5 | |
| 702 | 1 |
_4340 _8rus _7ca _aКокышев _bЛ. В. _gЛазарь Васильевич _f1933-1975 _3RU\NLR\auth-onl\77317 _9130375 |
|
| 801 | 0 |
_aRU _bNLR _c20130731 _gPSBO |
|
| 852 | _aNLR | ||
| 852 |
_aNLR _bОНЛ _jАлт./2-545 |
||
| 942 | _cBOOK | ||
| 980 | _aNB | ||
| 980 | _aONL_RF | ||